Radiologic Science For Technologists: (Record no. 324372)
[ view plain ]
| 000 -LEADER | |
|---|---|
| fixed length control field | 00521nam a2200169Ia 4500 |
| 008 - FIXED-LENGTH DATA ELEMENTS--GENERAL INFORMATION | |
| fixed length control field | 230718s9999 xx 000 0 und d |
| 041 ## - LANGUAGE CODE | |
| Language code of text/sound track or separate title | eng |
| 082 ## - DEWEY DECIMAL CLASSIFICATION NUMBER | |
| Classification number | 616.07'57 |
| Item number | BUS |
| 100 ## - MAIN ENTRY--PERSONAL NAME | |
| Personal name | Bushong S.C. |
| 9 (RLIN) | 160346 |
| 245 ## - TITLE STATEMENT | |
| Title | Radiologic Science For Technologists: |
| Remainder of title | Physics, Biology And Protection |
| 250 ## - EDITION STATEMENT | |
| Edition statement | 9th ed. |
| 260 ## - PUBLICATION, DISTRIBUTION, ETC. (IMPRINT) | |
| Date of publication, distribution, etc. | 2008 |
| Name of publisher, distributor, etc. | MOSBY Elsvier |
| 300 ## - PHYSICAL DESCRIPTION | |
| Extent | 685 |
| Accompanying material [OBSOLETE, CAN/MARC] | Ref 645 I ME (35579) |
| 365 ## - TRADE PRICE | |
| Currency code | Rs. |
| Price amount | 4416.00 |
| 700 ## - ADDED ENTRY--PERSONAL NAME | |
| Personal name | Bushong S.C. |
| 9 (RLIN) | 160346 |
| 906 ## - LOCAL DATA ELEMENT F, LDF (RLIN) | |
| d | O:0064802-Mar-2010B:265215-Dec-2009 |
| c | ME INS |
| b | 971.52 |
| Withdrawn status | Lost status | Source of classification or shelving scheme | Reference No | Damaged status | Not for loan | Home library | Current library | Date acquired | Vendor | Budget Code | Cost, normal purchase price | Bill number | Full call number | Barcode | Date last seen | Discount | Cost, replacement price | Bill Date | Koha item type | Original Barcode |
|---|---|---|---|---|---|---|---|---|---|---|---|---|---|---|---|---|---|---|---|---|
| Dewey Decimal Classification | Ref 645 I (35579) | Reference | Cummins College of Engineering for Women Pune | Cummins College of Engineering for Women Pune | 02/03/2010 | Tbs | ME INS | 3444.48 | 2652 | 616.07'57 | CCEP-BK-35579 | 18/07/2023 | 971.52 | 4416.00 | 15/12/2009 | Books | 035579 |